Sports Quiz

Random Sports or NBA Quiz
Score 0/30 Timer 02:30
0 Plays Today
Hint Answer % Correct
LakersLeBron James
78.7%
ThunderPaul George
60.2%
BucksGiannis Antetokounmpo
57.1%
NetsKevin Durant
54.2%
PistonsBlake Griffin
30.7%
RocketsJames Harden
29.5%
76ersJoel Embiid
22.3%
Suns Devin Booker
19.4%
PelicansJrue Holiday
16.6%
RaptorsKyle Lowry
14.7%
ClippersKawii Leonard
12.2%
HeatJimmy Butler
9.1%
Celtics Jason Tatum
8.8%
CavilersKevin Love
7.8%
Spurs DeMar DeRozan
7.5%
Hint Answer % Correct
Timber WolvesKarl-Anthony Towns
6%
WarriorsStephan Curry
5.6%
WizardsJohn Wall
5.6%
Trail BlazersDamian Lillard
5.6%
JazzDonovan Mitchell
5.6%
NuggetsNikola Jokic
4.4%
MagicNikola Vucevic
3.8%
MavericksKristaps Porzingis
3.8%
KnicksJulius Randle
3.4%
PacersVictor Oladipo
3.1%
Bulls Otto Porter JR.
1.3%
KingsHarrison Barnes
0.9%
HawksChandler Parsons
0.9%
HornetsNicolas Batum
0%
GrizzlesAndre Igoudala
0%

You're not logged in!

Compare scores with friends on all Sporcle quizzes.
OR
Log In

Sporcle TV

Today on Sporcle TV


Watch our educational content, quiz creation guides, and fun videos on Sporcle TV.

Show Comments

Extras

Created Sep 29, 2019ReportNominate
Tags:NBA Quiz, 2020, Best Player, Player, team

Top Quizzes Today


Score Distribution

Paid Content

Your Account Isn't Verified!

In order to create a playlist on Sporcle, you need to verify the email address you used during registration. Go to your Sporcle Settings to finish the process.

Report this User

Report this user for behavior that violates our Community Guidelines.

Details: